00246nam a2200109Ia 4500100002900000250000900029942000700038245002300045260003600068082001300104999001900117 aJames P.S. Jack W. Choon a2001 cBK aC++ Program Design aTata MacGrawhill Pub, New Delhi a6.6bJAM c423786d423786